L'Amérique du Nord de A à Z - Statistiques

Statistiques générales
  • Ce quiz a été pris 1 283 fois
  • Le résultat moyen est 16 sur 26
Statistiques - réponses
Lettre Indice Réponse % Correct
J Genre musical de Louis Armstrong, Duke Ellington et Billie Holiday Jazz
94%
A Civilisation précolombienne qui a fondé la ville de Mexico-Tenochtitlan Aztèque
90%
O Président des États-Unis né à Honolulu Barack Obama
89%
U État américain connu pour sa grande communauté mormone Utah
89%
R Chanteuse barbadienne qui a eu 2 enfants avec le rappeur A$AP Rocky Rihanna
88%
G Région française constituée d'un archipel des Caraïbes Guadeloupe
87%
C Révolutionnaire cubain qui a dirigé le pays de 1959 à 2008 Fidel Castro
85%
L Ville la plus peuplée du littoral pacifique de l'Amérique du Nord Los Angeles
85%
Q Plus grande province du Canada Québec
85%
K Capitale de la Jamaïque qui abrite le quartier de Trenchtown Kingston
84%
P Nageur américain qui a remporté 28 médailles aux Jeux olympiques Michael Phelps
81%
I Peuples autochtones qui vivent dans les régions arctiques du Canada, des États-Unis et du Groenland Inuits
80%
W État le moins peuplé des États-Unis, situé entre les Grandes Plaines et les Montagnes Rocheuses Wyoming
72%
M Affluent du Mississippi qui dépasse ce dernier en longueur Missouri
65%
F Péninsule bordée par le golfe de Mexique à l'ouest et l'océan Atlantique à l'est Floride
58%
V Archipel composé d'une centaine d'îles, partagé entre le Royaume-Uni, les États-Unis et l'État de Porto Rico Îles {Vierges}
54%
S Île antillaise partagée entre la France et les Pays-Bas Saint-Martin
52%
B Capitale du Belize construite après les dégâts causés par l'ouragan Hattie en 1961 Belmopan
47%
T Une des plus grandes villes et capitales d'Amérique centrale Tegucigalpa
45%
E Capitale de la capitale de la province de l'Alberta au Canada, plus grande ville en "E" au Monde Edmonton
44%
Z Figure emblématique de la Révolution mexicaine de 1910 Emiliano Zapata
37%
H Île des Grandes Antilles partagée par Haïti et la République dominicaine Hispaniola
37%
Y Fleuve dont le nom provient du gwichʼin "grande rivière", il donne son nom à une province canadienne Yukon
35%
D Point culminant de l'Amérique du Nord, situé en Alaska Denali
22%
N Lac d'eau douce d'Amérique centrale dans lequel on peut trouver des requins Lac {Nicaragua}
16%
X Capitale de l'État de Veracruz au Mexique, elle donne son nom au piment jalapeño Xalapa-Enríquez
5%
Aucun quiz correspondant
Distribution des résultats
% des personnes avec chaque résultat
Percentile par nombre de réponses
Votre historique - résultats
Vous n’avez pas pris ce quiz